[Event "Kolkata op 6th"]
[Site "Kolkata"]
[Date "2013.12.07"]
[Round "2"]
[White "Narayanan, Srinath"]
[Black "Linda, Rangarajan"]
[Result "1-0"]
[WhiteElo "2436"]
[BlackElo "2142"]
[PlyCount "87"]
[EventDate "2013.12.06"]
[EventType "swiss"]
[EventRounds "10"]
[EventCountry "IND"]
[SourceTitle "CBM 157 Extra"]
[Source "ChessBase"]
[SourceDate "2013.12.19"]
[SourceVersion "1"]
[SourceVersionDate "2013.12.19"]
[SourceQuality "1"]

1. e4 e5 2. Nf3 Nc6 3. d4 exd4 4. Nxd4 Nf6 5. Nxc6 bxc6 6. e5 Qe7 7. Qe2 Nd5 8. c4 Nb6 9. Nc3 g6 10. Ne4 Bg7 11. Bg5 Qb4+ 12. Qd2 Qxd2+ 13. Kxd2 0-0 14. Nf6+ Bxf6 15. Bxf6 d6 16. exd6 cxd6 17. Be7 Re8 18. Bxd6 Nxc4+ 19. Bxc4 Rd8 20. Kc3 Rxd6 21. Rad1 Rxd1 22. Rxd1 Bf5 23. f3 g5 24. Re1 Bg6 25. Re5 h6 26. Rc5 Rc8 27. b4 Kf8 28. Bb5 Re8 29. Rxc6 Re7 30. Bc4 h5 31. b5 g4 32. Kb4 Bf5 33. a4 h4 34. Rf6 gxf3 35. gxf3 Bc8 36. a5 Kg7 37. Rf4 Bb7 38. Kc5 h3 39. Kd6 Kf8 40. Rh4 Re3 41. a6 Bxf3 42. Rxh3 Re4 43. Bd5 Bg4 44. Bxe4 1-0

[Event "IND-chB 48th"]
[Site "Bhiwani"]
[Date "2010.09.25"]
[Round "12"]
[White "Linda, Rangarajan"]
[Black "Girinath, PDS"]
[Result "0-1"]
[WhiteElo "2197"]
[BlackElo "2379"]
[PlyCount "64"]
[EventDate "2010.09.16"]
[EventType "swiss"]
[EventRounds "13"]
[EventCountry "IND"]
[SourceTitle "CBM 138 Extra"]
[Source "ChessBase"]
[SourceDate "2010.10.29"]
[SourceVersion "1"]
[SourceVersionDate "2010.10.29"]
[SourceQuality "1"]

1. d4 e6 2. g3 f5 3. Bg2 Nf6 4. c4 Be7 5. Nc3 0-0 6. Nf3 a5 7. 0-0 d6 8. b3 Qe8 9. Bb2 Qh5 10. Qc2 Nc6 11. Rad1 Nd8 12. e4 fxe4 13. Nxe4 Nf7 14. Nxf6+ Bxf6 15. Rfe1 e5 16. dxe5 dxe5 17. Re3 Bf5 18. Qe2 Bg4 19. h3 Bxh3 20. Bxh3 Qxh3 21. Nxe5 Nh6 22. Re4 Bxe5 23. Bxe5 Rae8 24. Rdd4 Re7 25. Rh4 Qf5 26. Rde4 Rfe8 27. Rh5 Qg6 28. Rhh4 Nf7 29. Rh5 Ng5 30. Rxg5 Qxg5 31. f4 Qxg3+ 32. Kf1 Rxe5 0-1

[Event "IND-chB 48th"]
[Site "Bhiwani"]
[Date "2010.09.21"]
[Round "8"]
[White "Linda, Rangarajan"]
[Black "Singh, DP."]
[Result "0-1"]
[WhiteElo "2197"]
[BlackElo "2311"]
[PlyCount "126"]
[EventDate "2010.09.16"]
[EventType "swiss"]
[EventRounds "13"]
[EventCountry "IND"]
[SourceTitle "CBM 138 Extra"]
[Source "ChessBase"]
[SourceDate "2010.10.29"]
[SourceVersion "1"]
[SourceVersionDate "2010.10.29"]
[SourceQuality "1"]

1. d4 c5 2. d5 e5 3. e4 d6 4. Nc3 Be7 5. Nf3 a6 6. a4 Nf6 7. h3 h6 8. Nd2 Nbd7 9. Nc4 b6 10. Be2 Rb8 11. 0-0 Nf8 12. f4 N6d7 13. Bg4 Ng6 14. Bxd7+ Bxd7 15. fxe5 Nxe5 16. Nxe5 dxe5 17. Qh5 0-0 18. Qxe5 b5 19. axb5 axb5 20. d6 Bf6 21. Qxc5 Rc8 22. Qe3 Be5 23. Ra6 b4 24. Nd5 Rxc2 25. Qb3 Bb5 26. Qxc2 Bxa6 27. Ne7+ Kh8 28. Rd1 Qb6+ 29. Kh1 Bxd6 30. Nf5 Be5 31. Be3 Qb5 32. Kg1 Rc8 33. Qd2 Qe2 34. Qxe2 Bxe2 35. Rd2 Ba6 36. Kf2 b3 37. Nd6 Rc7 38. g3 Kg8 39. Nf5 Rc2 40. Rxc2 bxc2 41. Bc1 h5 42. g4 hxg4 43. hxg4 g5 44. Ne3 Bd3 45. Kf3 Bf4 46. b3 Kf8 47. Bb2 Ke8 48. Ba3 Kd7 49. Bb2 Kc6 50. Bc1 Kb5 51. Ba3 f6 52. Bc1 Kc5 53. Ba3+ Kc6 54. Bc1 Kb5 55. Ba3 Kc6 56. Bc1 Kd6 57. Ba3+ Ke6 58. Bc1 Bd6 59. Ng2 Bb4 60. Ke3 Bf1 61. Kf2 Bxg2 62. Kxg2 Bd6 63. Kg1 Kd7 0-1